| 000 | 00446nam a22001697a 4500 | ||
|---|---|---|---|
| 005 | 20240129015352.0 | ||
| 008 | 240129b |||||||| |||| 00| 0 eng d | ||
| 020 | _a0863112439 | ||
| 082 |
_222 _a305.4. _bIND. |
||
| 245 |
_aIndian and reality : _bMyth and reality / |
||
| 250 | _a3rd. | ||
| 260 |
_aIndia : _bSangam books ( India) Limited , _c1995, |
||
| 300 | _aXIII, 192 P, ; | ||
| 650 | _aGender | ||
| 700 |
_aBagchi jasodhara _eedt |
||
| 942 | _cL | ||
| 999 |
_c205 _d205 |
||